Schleswig Holstein Städte, Inseln, Meere - Statistiken

Allgemein
  • Dieses Quiz wurde 42 mal gespielt
  • Das Durchschnittsergebnis liegt bei 24 aus 39
Antworten auf der Karte
Die Antworten werden auf der Karte rot bzw. grün angezeigt, abhängig davon wie oft sie richtig erraten wurden.
 
Antwortstatistiken
Antwort % Korrekt
Flensburg
97%
Lübeck
97%
Sylt
97%
Kiel
95%
Neumünster
87%
Husum
84%
Ostsee
84%
Westerland
84%
Fehmarn
82%
Nordsee
82%
Pinneberg
79%
Itzehoe
76%
Eckernförde
74%
Schleswig
74%
Rendsburg
71%
Bad Segeberg
66%
Heide
66%
Elmshorn
61%
Lübecker Bucht
61%
St. Peter Ording
58%
Bad Oldesloe
55%
Helgoland
55%
Kieler Bucht
55%
Brunsbüttel
53%
Mölln
53%
Amrum
50%
Eutin
50%
Föhr
50%
Niebüll
50%
Lauenburg
47%
Wedel
47%
Büsum
45%
Pellworm
45%
Kappeln
39%
Nordstrand
39%
Oldenburg
39%
Fehmarnsund
32%
Halligen
5%
Scharhörn
0%
Keine übereinstimmenden Quizze gefunden
Verteilung der Resultate
Anzahl Personen mit jedem Resultat
Perzentil nach korrekt beantworteten Fragen
Ihre Resultats-Entwicklung
Sie haben dieses Quiz noch nicht gespielt